[Event "Belgrade-chT Quality"]
[Site "Belgrade"]
[Date "2021.10.30"]
[Round "6.7"]
[White "Mitrovic, Vladan"]
[Black "Simic, Radoslav K"]
[Result "1/2-1/2"]
[WhiteElo "1891"]
[BlackElo "1852"]
[PlyCount "20"]
[EventDate "2021.10.16"]
[EventType "team-tourn"]
[EventRounds "11"]
[EventCountry "SRB"]
[SourceTitle "EXT 2023"]
[Source "ChessBase"]
[SourceDate "2022.10.05"]
[SourceVersion "1"]
[SourceVersionDate "2022.10.05"]
[SourceQuality "1"]
[WhiteTeam "Belgrade Sremcica"]
[BlackTeam "Belgrade Cirilo i Metodije"]
[WhiteTeamCountry "SRB"]
[BlackTeamCountry "SRB"]

1. Nf3 Nf6 2. g3 g6 3. Bg2 Bg7 4. 0-0 d5 5. d4 0-0 6. c3 Ne4 7. Nbd2 Nxd2 8. Nxd2 c6 9. e4 dxe4 10. Nxe4 Nd7 1/2-1/2

[Event "Belgrade City-chT"]
[Site "Belgrade"]
[Date "2013.11.14"]
[Round "10"]
[White "Mitrovic, Vladan"]
[Black "Klasan, Vladimir"]
[Result "0-1"]
[WhiteElo "1916"]
[BlackElo "2331"]
[PlyCount "52"]
[EventDate "2013.10.26"]
[EventType "team-tourn"]
[EventRounds "11"]
[EventCountry "SRB"]
[SourceTitle "EXT 2015"]
[Source "ChessBase"]
[SourceDate "2014.11.20"]
[SourceVersion "1"]
[SourceVersionDate "2014.11.20"]
[SourceQuality "1"]

1. e4 c5 2. c3 d5 3. Nf3 dxe4 4. Ne5 Nf6 5. Qa4+ Nbd7 6. Bb5 e6 7. 0-0 Bd6 8. Nxd7 Bxd7 9. Bxd7+ Qxd7 10. Qxd7+ Kxd7 11. Re1 b5 12. b3 b4 13. Bb2 a5 14. a3 Rhb8 15. axb4 axb4 16. Rxa8 Rxa8 17. g3 Ra2 18. Bc1 Ng4 19. Rd1 Ne5 20. d4 Nf3+ 21. Kg2 cxd4 22. cxd4 Kc6 23. Bd2 Kd5 24. g4 Rb2 25. Be3 f5 26. Bd2 Rxb1 0-1

[Event "Belgrade-chT Quality"]
[Site "Belgrade"]
[Date "2012.10.28"]
[Round "6"]
[White "Mitrovic, Vladan"]
[Black "Vujicic, Mirko"]
[Result "0-1"]
[WhiteElo "1937"]
[BlackElo "2298"]
[PlyCount "66"]
[EventDate "2012.10.13"]
[EventType "team-tourn"]
[EventRounds "11"]
[EventCountry "SRB"]
[SourceTitle "EXT 2019"]
[Source "ChessBase"]
[SourceDate "2018.10.10"]
[SourceVersion "1"]
[SourceVersionDate "2018.10.10"]
[SourceQuality "1"]

1. d4 Nf6 2. Nf3 g6 3. c4 Bg7 4. Nc3 d5 5. cxd5 Nxd5 6. Qc2 0-0 7. Nxd5 Qxd5 8. e3 Bf5 9. Qc4 Qd6 10. Bd2 a5 11. Rc1 c6 12. a3 Nd7 13. b4 a4 14. Bc3 Be4 15. Nd2 Bd5 16. Qd3 e5 17. dxe5 Nxe5 18. Qc2 Rfe8 19. h3 Rad8 20. Ba1 Re7 21. Rg1 Ree8 22. Be2 Bb3 23. Nxb3 axb3 24. Qb1 Qd2+ 25. Kf1 Nd3 26. Bxd3 Rxd3 27. Bxg7 Kxg7 28. g3 Red8 29. Re1 Qa2 30. Kg2 Qxa3 31. Rd1 Rxd1 32. Rxd1 Rxd1 33. Qxd1 Qxb4 0-1

[Event "Belgrade Trophy 18th"]
[Site "Obrenovac"]
[Date "2005.??.??"]
[Round "6"]
[White "Mitrovic, Vladan"]
[Black "Petrovic, Zoran"]
[Result "0-1"]
[WhiteElo "1936"]
[BlackElo "2250"]
[PlyCount "74"]
[EventDate "2005.11.22"]
[EventType "swiss"]
[EventRounds "9"]
[EventCountry "YUG"]
[SourceTitle "CBM 109 Extra"]
[Source "ChessBase"]
[SourceDate "2006.01.03"]
[SourceVersion "2"]
[SourceVersionDate "2006.01.03"]
[SourceQuality "1"]

1. d4 Nf6 2. c4 g6 3. f3 c5 4. d5 b5 5. e4 d6 6. cxb5 a6 7. Nc3 Bg7 8. Bd2 0-0 9. Qc1 Re8 10. Bc4 Nbd7 11. a4 Ne5 12. b3 axb5 13. axb5 Bb7 14. Rxa8 Qxa8 15. Nh3 Nfd7 16. Be2 Nb6 17. 0-0 e6 18. f4 Ned7 19. dxe6 fxe6 20. Bf3 Bxc3 21. Qxc3 Bxe4 22. Ng5 Bxf3 23. Nxf3 Qe4 24. Re1 Qf5 25. g3 Nd5 26. Qa5 h6 27. Bc1 Qd3 28. Nd2 Qd4+ 29. Kg2 Ne3+ 30. Kf3 Nc2 31. Re4 Qd3+ 32. Kf2 Nf6 33. Rc4 Ng4+ 34. Kg1 Qe3+ 35. Kg2 Qf2+ 36. Kh3 Qxh2+ 37. Kxg4 Qh5# 0-1

[Event "Belgrade Trophy 18th"]
[Site "Obrenovac"]
[Date "2005.??.??"]
[Round "5"]
[White "Ruzicic, Sinisa"]
[Black "Mitrovic, Vladan"]
[Result "1/2-1/2"]
[WhiteElo "2049"]
[BlackElo "1936"]
[PlyCount "108"]
[EventDate "2005.11.22"]
[EventType "swiss"]
[EventRounds "9"]
[EventCountry "YUG"]
[SourceTitle "CBM 109 Extra"]
[Source "ChessBase"]
[SourceDate "2006.01.03"]
[SourceVersion "2"]
[SourceVersionDate "2006.01.03"]
[SourceQuality "1"]

1. e4 e5 2. d4 exd4 3. c3 dxc3 4. Bc4 d6 5. Nf3 Nc6 6. Nxc3 Nf6 7. 0-0 Be7 8. Nd5 0-0 9. Nxe7+ Qxe7 10. Re1 Ne5 11. Nxe5 dxe5 12. Bg5 h6 13. Bh4 Be6 14. Rc1 Bxc4 15. Rxc4 c6 16. f4 Qe6 17. Rb4 exf4 18. Bxf6 Qxf6 19. Rxb7 Rfb8 20. e5 Qe6 21. Rxb8+ Rxb8 22. b3 Rb5 23. Qd4 f6 24. Qxf4 Rxe5 25. Rf1 a5 26. h3 Re1 27. Qd2 Qe3+ 28. Qxe3 Rxe3 29. Rc1 Re2 30. a4 Rb2 31. Rxc6 Rxb3 32. Rc5 Kf7 33. Rxa5 Ke6 34. Ra7 g6 35. a5 h5 36. a6 Ra3 37. Kf2 h4 38. Rg7 Kf5 39. a7 g5 40. Rf7 Ke5 41. Ke2 f5 42. Re7+ Kf4 43. Kd2 Ra2+ 44. Kc3 g4 45. hxg4 fxg4 46. Kb4 Kg3 47. Re3+ Kxg2 48. Ra3 Rxa3 49. Kxa3 h3 50. a8Q+ Kh2 51. Qb8+ g3 52. Qf4 Kh1 53. Qxg3 h2 54. Qe1+ Kg2 1/2-1/2

[Event "Belgrade Trophy 17th"]
[Site "Obrenovac"]
[Date "2004.11.23"]
[Round "2"]
[White "Jovanovic, Zoran"]
[Black "Mitrovic, Vladan"]
[Result "1-0"]
[WhiteElo "2389"]
[BlackElo "1937"]
[PlyCount "105"]
[EventDate "2004.11.22"]
[EventType "swiss"]
[EventRounds "9"]
[EventCountry "YUG"]
[SourceTitle "CBM 103 Extra"]
[Source "ChessBase"]
[SourceDate "2005.01.01"]
[SourceVersion "1"]
[SourceVersionDate "2005.01.01"]
[SourceQuality "1"]

1. d4 Nf6 2. c4 e6 3. Nf3 Bb4+ 4. Nc3 0-0 5. Bg5 d5 6. e3 Nbd7 7. cxd5 exd5 8. Bd3 c6 9. 0-0 Re8 10. Qc2 Nf8 11. h3 Be7 12. Bxf6 Bxf6 13. b4 Re7 14. b5 cxb5 15. Nxb5 a6 16. Nc3 Rc7 17. Qd2 Be7 18. Rab1 Be6 19. Ne2 b5 20. Rfc1 Bd6 21. Rxc7 Qxc7 22. Rc1 Qd8 23. Ne5 Rc8 24. f4 f6 25. Nf3 Rxc1+ 26. Nxc1 Qb6 27. Nb3 b4 28. Qc2 Bd7 29. Nc5 Bb5 30. Ne1 Bxd3 31. Nexd3 Ng6 32. Qb3 Ne7 33. Qa4 Qb5 34. Qxa6 Qxa6 35. Nxa6 Nc6 36. Kf2 Kf7 37. g4 h6 38. Ke2 Kg6 39. Kf3 Kf7 40. h4 Kg6 41. h5+ Kf7 42. f5 Ke7 43. Ke2 Kd7 44. Kd2 Kc8 45. Kc2 Kb7 46. Nac5+ Kc8 47. Kd2 Kb8 48. Ne6 Bh2 49. Nxg7 Bg1 50. Nf4 Na5 51. Nxd5 Nc4+ 52. Ke2 Kb7 53. Ne8 1-0